000
00291nam a22001337a 4500
020
_a
978-1461277286
041
_a
ENG
100
_a
Hanks.R.J
245
_a
Applied Soil Physics
260
_a
New York
_b
Springer- Verlag
_c
1980
300
_a
159
650
_a
SWCE
856
_u
SWCE ( 24 )
999
_c
1835
_d
1835